| 000 | 00675nam a2200253Ia 4500 | ||
|---|---|---|---|
| 003 | OSt | ||
| 005 | 20220924121327.0 | ||
| 006 | a|||||r|||| 00| 0 | ||
| 007 | ta | ||
| 008 | 220923b |||||||| |||| 00| 0 tel d | ||
| 020 | _cRs.75 | ||
| 024 | _a345471 | ||
| 037 | _cTextual | ||
| 040 |
_aARTS _cARTS _btel |
||
| 041 |
_2tel _atel |
||
| 082 | _aO35,3N14:g, N3 | ||
| 100 |
_aJayanti Bala Ganga Dharam Au. _9185312 |
||
| 245 | 0 | _aHamsadhwani | |
| 260 |
_aHyderabad _bIndia _c1993 |
||
| 300 |
_a286p. _ccm. |
||
| 650 | _aTELUGU LITERATURE | ||
| 942 |
_hO35,3N14:g, N3 _cTEXL _2CC |
||
| 999 |
_c406949 _d406949 |
||